banner-ar

منتخب قرة عيون النواظر فى الوجوه والنظائر فى القران الكريم / (Record no. 33285)

MARC details
000 -الفاتح
حقل البيانات ثابتة الطول 01086nam a2200265Ia 4500
005 - وقت وتاريخ اخر تعامل مع التسجيلة
رقم الضبط 20240530102608.0
008 - عناصر البيانات ثابتة الطول - معلومات عامة
حقل البيانات ثابتة الطول 140319s9999 xx 000 0 ara d
040 ## - مصدر الفهرسة
وكالة الفهرسة الأصلية GCL /
وكالة النسخ GCL
082 04 - رقم تصنيف ديوى العشرى
رقم التصنيف 224
رقم المادة ج م
100 1# - المدخل الرئيسى - إسم شخصى
الإسم الشخصى فؤاد عبدالمنعم احمد (تحقيق)
245 10 - بيان العنوان
العنوان منتخب قرة عيون النواظر فى الوجوه والنظائر فى القران الكريم /
بيان المسئوليه,etc فؤاد عبدالمنعم احمد (تحقيق)
300 ## - الوصف المادى
التعداد 324 ص
490 ## - بيان السلسلة
عنوان السلسلة سلسلة كتب الدراسات القرانية
رقم المجلد/ التعيين التسلسلي 0
650 04 - المدخل الاضافى بالموضوع-مصطلح موضوعى
مصطلح موضوعي الاسلام
650 04 - المدخل الاضافى بالموضوع-مصطلح موضوعى
مصطلح موضوعي البلاغة
650 04 - المدخل الاضافى بالموضوع-مصطلح موضوعى
مصطلح موضوعي العلوم عند العرب
650 04 - المدخل الاضافى بالموضوع-مصطلح موضوعى
مصطلح موضوعي الحضارة الاسلامية
650 04 - المدخل الاضافى بالموضوع-مصطلح موضوعى
مصطلح موضوعي القران - بلاغة
650 04 - المدخل الاضافى بالموضوع-مصطلح موضوعى
مصطلح موضوعي القران
700 1# - المدخل الاضافى - اسم شخصى
الإسم الشخصى ابن الجوزى : ابوالفرج جمال الدين عبدالرحمن بن على بن محمد بن على القرشى البغدادى
700 1# - المدخل الاضافى - اسم شخصى
الإسم الشخصى محمد السيد الصفطاوى
942 ## - عناصر المدخل الإضافي( كوها)
مصدر التصنيف او مخطط الترفيف Dewey Decimal Classification
Koha [default] item type كتاب
260 ## - PUBLICATION, DISTRIBUTION, ETC. (IMPRINT)
-- [S.N] :
-- منشاة المعارف الاسلامية
Holdings
حالة التراجع حالة الفقد حالة تلف ليس للاعارة المكان المؤقت الموقع الحالى تاريخ الاكتساب اجمالي اﻻعارات رقم الطلب الباركود تاريخ اخر مشاهدة تاريخ تفعيل السعر نوع وعاء كوها
        مكتبة القاهرة الكبرى مكتبة القاهرة الكبرى 03/26/2014   224\ج م 79143 03/26/2014 03/26/2014 كتاب
        مكتبة القاهرة الكبرى مكتبة القاهرة الكبرى 03/26/2014   224\ج م 79144 03/26/2014 03/26/2014 كتاب

Powered By

EGPV